000
00260nam a2200097Ia 4500
008
230508s2002 xx 000 0 und d
041
_a
eng
100
_a
REDEARS DIGEST PROJECT STAFF
245
_a
1001,COMPUTER HINTS &TIPS
260
_b
PLANNET THREE PUBLI.
_c
2002
999
_c
316952
_d
316952